Statistics for 15 Letter Answers

Click here to take the quiz!

General Stats

  • This quiz has been taken 54 times
  • The average score is 5 of 14

Answer Stats

HintAnswer% Correct
Imp who spins straw into goldRumpelstiltskin
68%
"After school" activitiesExtracurricular
56%
In order by dateChronologically
52%
Those who study origins of humankindAnthropologists
46%
Kicking out of the churchExcommunicating
44%
More than one T-RexTyrannosauruses
40%
Pertaining to the heart and lungsCardiopulmonary
32%
Studyers of dinosaur bonesPaleontologists
30%
The healthy kind of fatsPolyunsaturated
30%
Emission of light by an organismBioluminescence
24%
Apartment managersSuperintendents
22%
Against the 18th AmendmentAntiprohibition
20%
The act of making something more manlyMasculinization
20%
A very very small pictureMicrophotograph
10%

Score Distribution

Percentile by Number Answered

Percent of People with Each Score

Your Score History

You have not taken this quiz